| 000 | 00478nam a2200157Ia 4500 | ||
|---|---|---|---|
| 008 | 160316s1996 xxu||||| |||| 00| 0 eng d | ||
| 082 |
_a320.900000 _bWIJ |
||
| 100 | _aWijemanne Adrian | ||
| 245 | _aWar and peace in post-colonial Ceylon 1948-1991 | ||
| 250 | _a | ||
| 260 |
_aHyderabad _bOrient Longman _c1996 |
||
| 300 |
_a111p _b _c |
||
| 365 | _bRs.180 | ||
| 650 | _a1. Political Crises - Post Colonial 2. Presidential Form - Government - Impact - Sri Lanka | ||
| 700 |
_a _a |
||
| 999 |
_c14441 _d14441 |
||